| 000 | 00831 a2200241 4500 | ||
|---|---|---|---|
| 003 | MN-UlNLM | ||
| 005 | 20220902122358.0 | ||
| 008 | a130t2009 mp ||||| |||| 00| 0 mon d | ||
| 020 | _a978-99929-0-715-0 | ||
| 040 | _aМонгол Улсын Үндэсний номын сан | ||
| 084 | _a84(0) | ||
| 084 |
_bД 893 _2NNA _q84 |
||
| 245 | 1 |
_aДэлхийн сонгодог утга зохиолын чуулган _b50 боть _cОрч. Н. Энхбаяр |
|
| 260 | 1 |
_aУБ _bАдмон _c2009 |
|
| 300 | _a199x | ||
| 490 |
_aБурхан багшийн сургаал _vБ.1 |
||
| 546 | _aMongolia | ||
| 653 | _aуран зохиол | ||
| 740 |
_aБурхан багш _aНом _aБодь мөрийн зэрэг _aАхан дүүсийн барилдлага |
||
| 856 | _aprintbook | ||
| 942 | _cBK | ||
| 999 |
_c65758 _d65758 |
||